000 00744nam a2200193 a 4500
001 BRCA_2127
005 20190320203659.0
008 120808s1992----mx-a---###---#000-0#spa-#
050 4 _aF1391.P8
_b.L43 72
_c1992
100 1 _aVelázquez Thierry, Luz de Lourdes
_91490
245 1 0 _aEl azulejo en la arquitectura de Puebla
_cLuz de Lourdes Velázquez Thierry.
260 _aPuebla, México
_bGobierno del Estado de Puebla : Secretaría de Cultura : Comisión Puebla V Centenario
_c1992
300 _a23 p.
_bil.
_c21 cm.
440 0 _aLecturas Históricas de Puebla
_n72
_96429
504 _aBibliografía: p. 21-23
651 4 _aPuebla (México)
_xHistoria
_9409
651 4 _aPuebla (México)
_xEdificios, estructuras, etc.
_93182
942 _2lcc
_cB
999 _c1884
_d1884